Asignación eficiente en el uso conjunto del agua de riego (Registro nro. 28668)
[ vista simple ]
| 000 -LEADER | |
|---|---|
| fixed length control field | 00411 a2200109 4500 |
| 001 - CONTROL NUMBER | |
| control field | ART_23588 |
| 005 - DATE AND TIME OF LATEST TRANSACTION | |
| control field | 20260410161932.0 |
| 008 - FIXED-LENGTH DATA ELEMENTS--GENERAL INFORMATION | |
| fixed length control field | 260409a |
| 100 1# - MAIN ENTRY--PERSONAL NAME | |
| Personal name | Bertranou, Fabio M. |
| 245 10 - TITLE STATEMENT | |
| Title | Asignación eficiente en el uso conjunto del agua de riego |
| 773 0# - HOST ITEM ENTRY | |
| Title | Revista de la Facultad de Ciencias Económicas de la Universidad de Cuyo |
| Related parts | - Año XXIII, Nº 67/68 (ene./ago. 1971) |
| Record control number | REV22981 |
No hay ítems disponibles.